| 000 | 00904cam a2200265u 4500 | ||
|---|---|---|---|
| 001 | 19486 | ||
| 003 | BD-RjUL | ||
| 005 | 20211209000435.0 | ||
| 008 | 140224s1959 enka 000 0 eng d | ||
| 035 | _a(BD-RjUL)19546 | ||
| 040 |
_aDLC _cCarP _dDLC _dBD-RjUL _beng |
||
| 041 | _aeng | ||
| 082 | 0 | 0 |
_a548.83 _bINT V-2 1959 |
| 110 | 2 |
_aInternational Union of Crystallography. [from old catalog] _959874 |
|
| 245 | 1 | 0 |
_aInternational tables for X-ray crystallography / _cEd. by john s. Kasper and Kathleen Lonsdale _nVolume 2 _pMathematical Tables |
| 260 |
_aBirmingham, Eng : _bKynoch Press, _c1959 |
||
| 300 |
_axviii,444p. : _bdiagrs. ; _c29 cm. |
||
| 650 | 0 |
_aCrystallography _vTables. _959871 |
|
| 650 | 0 |
_aCrystallography _vDiffraction _9227300 |
|
| 700 | 1 |
_a Kasper , john s. _9227301 |
|
| 700 | 1 |
_a Lonsdale, Kathleen _9227302 |
|
| 942 |
_2ddc _cBK |
||
| 999 |
_c19486 _d19486 |
||